[Event "CHN League Women 2019"]
[Site "Daqing CHN"]
[Date "2019.06.24"]
[Round "6.7"]
[Board "1"]
[White "Hu, Yue"]
[Black "Hu, Yu A."]
[Result "1/2-1/2"]
[WhiteElo "2034"]
[BlackElo "2073"]
[WhiteTeam "Wuxi"]
[BlackTeam "Heilongjiang"]
[WhiteFideId "8610339"]
[BlackFideId "8609993"]
[EventDate "2019.06.19"]
[EventType "team"]

1. e4 c5 2. Nf3 d6 3. d4 cxd4 4. Nxd4 Nf6 5. Nc3 a6 6. Be3 e5 7. Nb3 Be6 8. f3
h5 9. Qd2 Nbd7 10. O-O-O Be7 11. Kb1 Qc7 12. Qf2 b5 13. Nd5 Bxd5 14. exd5 b4 15.
Rg1 Kf8 16. g4 g6 17. g5 Ne8 18. f4 exf4 19. Qxf4 a5 20. Bd3 Kg8 21. Bd4 Rh7 22.
Rde1 Bf8 23. Rgf1 Ne5 24. Bxe5 dxe5 25. Qxe5 Bd6 26. Qe4 a4 27. Nd4 a3 28. Nb5
Qc5 29. Rxf7 Rxf7 30. Qxg6+ Kf8 31. Qh6+ Kg8 32. Qg6+ Kf8 33. Qh6+ Kg8 34. Qg6+
Kf8 35. Qh6+ 1/2-1/2

[Event "CHN League Women 2019"]
[Site "Daqing CHN"]
[Date "2019.06.24"]
[Round "6.7"]
[Board "2"]
[White "Jiang, Zhaoyi"]
[Black "Wang, Xuwen"]
[Result "0-1"]
[WhiteTitle "WCM"]
[WhiteElo "1952"]
[BlackElo "1837"]
[WhiteTeam "Heilongjiang"]
[BlackTeam "Wuxi"]
[WhiteFideId "8611050"]
[BlackFideId "8617848"]
[EventDate "2019.06.19"]
[EventType "team"]

1. d4 Nf6 2. Nf3 g6 3. c4 Bg7 4. Nc3 d6 5. e4 O-O 6. Be2 Na6 7. Bg5 c5 8. d5 Nc7
9. O-O Bd7 10. Nd2 a6 11. f4 b5 12. e5 Nfe8 13. Nf3 bxc4 14. Bxc4 Bb5 15. b3 Kh8
16. Rc1 Qd7 17. a4 Bxc4 18. bxc4 a5 19. Qe1 f6 20. e6 Qd8 21. Bh4 Na6 22. Nb5
Nb4 23. Qe2 Bh6 24. Nd2 Nc7 25. Nxc7 Qxc7 26. Nb1 Rae8 27. Rcd1 Qb7 28. Nc3 Na6
29. Nb5 Nc7 30. Rb1 Nxb5 31. Rxb5 Qc7 32. Be1 Ra8 33. Bd2 Rfb8 34. Rfb1 Kg7 35.
g3 Kg8 36. Kg2 Bg7 37. Qe1 f5 38. R1b3 Bd4 39. Qb1 Rc8 40. Rb7 Qd8 41. Rd7 Qf8
42. Rbb7 Bf6 43. Qe1 Rcb8 44. Bxa5 Rxb7 45. Rxb7 g5 46. fxg5 Bxg5 47. h4 Bh6 48.
Bc7 f4 49. Qb1 f3+ 50. Kf1 Qf6 51. Rb8+ Rxb8 52. Bxb8 Qe5 53. Qe1 Qb2 54. Qe4
Qg2+ 55. Ke1 f2+ 0-1

[Event "CHN League Women 2019"]
[Site "Daqing CHN"]
[Date "2019.06.25"]
[Round "7.1"]
[Board "1"]
[White "Ni, Shiqun"]
[Black "Ning, Kaiyu"]
[Result "1/2-1/2"]
[WhiteTitle "WGM"]
[BlackTitle "WFM"]
[WhiteElo "2416"]
[BlackElo "2306"]
[WhiteTeam "Shanghai"]
[BlackTeam "Shandong"]
[WhiteFideId "8608466"]
[BlackFideId "8614750"]
[EventDate "2019.06.19"]
[EventType "team"]

1. e4 e6 2. d4 d5 3. Nd2 c5 4. exd5 Qxd5 5. dxc5 Qxc5 6. Ne4 Qb4+ 7. Nc3 a6 8.
Nf3 Nf6 9. Bd3 Nbd7 10. O-O Nc5 11. a3 Qb6 12. Bf4 Be7 13. Ne5 O-O 14. Nc4 Qa7
15. a4 Nxd3 16. Qxd3 Bd7 17. Rfd1 Rfd8 18. Qe2 Rac8 19. h3 Bc6 20. Nd6 Bxd6 21.
Rxd6 Nd5 22. Nxd5 Bxd5 23. Rxd8+ Rxd8 24. Rd1 Qa8 25. Rd3 Qc8 26. a5 Rd7 27. Qd2
Bc6 28. Rxd7 Qxd7 29. Qxd7 Bxd7 30. Bd6 f6 31. f4 1/2-1/2

[Event "CHN League Women 2019"]
[Site "Daqing CHN"]
[Date "2019.06.25"]
[Round "7.1"]
[Board "2"]
[White "Yan, Tianqi"]
[Black "Zhang, Xiaowen"]
[Result "1/2-1/2"]
[BlackTitle "WGM"]
[WhiteElo "2036"]
[BlackElo "2314"]
[WhiteTeam "Shandong"]
[BlackTeam "Shanghai"]
[WhiteFideId "8615250"]
[BlackFideId "8603219"]
[EventDate "2019.06.19"]
[EventType "team"]

1. e4 e5 2. Nf3 Nc6 3. Bb5 a6 4. Ba4 d6 5. c3 Bd7 6. O-O g6 7. Re1 Bg7 8. d4 b5
9. Bb3 Nf6 10. h3 O-O 11. Nbd2 Nh5 12. Nf1 Na5 13. Bc2 c5 14. dxc5 dxc5 15. Bg5
Qe8 16. Be3 Rc8 17. b4 Nb7 18. a4 Qe7 19. axb5 Bxb5 20. Bg5 f6 21. Bd2 Rfd8 22.
Ne3 cxb4 23. Bb3+ Kh8 24. Nd5 Qf8 25. cxb4 Nd6 26. Qb1 Nc4 27. Bc1 Nf4 28. Bxf4
exf4 29. Nxf4 Qxb4 30. Ne6 Nd2 31. Nxd8 Nxb1 32. Nf7+ Kg8 33. Raxb1 Rc3 34. Bd5
Qe7 35. Nd6+ Kh8 36. Nf7+ Kg8 37. Nd6+ Kh8 1/2-1/2

[Event "CHN League Women 2019"]
[Site "Daqing CHN"]
[Date "2019.06.25"]
[Round "7.1"]
[Board "3"]
[White "Dai, Jiaying"]
[Black "Wang, Xiyue"]
[Result "1/2-1/2"]
[WhiteElo "1599"]
[BlackElo "1502"]
[WhiteTeam "Shanghai"]
[BlackTeam "Shandong"]
[WhiteFideId "8626081"]
[BlackFideId "8627711"]
[EventDate "2019.06.19"]
[EventType "team"]

1. e4 c5 2. Nf3 e6 3. d4 cxd4 4. Nxd4 a6 5. Bd3 Nc6 6. Nxc6 dxc6 7. f4 Bc5 8.
Qf3 Nf6 9. Be3 Qb6 10. Bxc5 Qxc5 11. Qf2 Qxf2+ 12. Kxf2 O-O 13. Nd2 e5 14. f5 b5
15. a4 Bb7 16. Nb3 Nd7 17. Na5 Rab8 18. axb5 axb5 19. Rhd1 Ba8 20. Kf3 Rfd8 21.
Ra3 b4 22. Raa1 Nc5 23. Nc4 f6 24. b3 Rd4 25. Nb6 Nxd3 26. Rxd3 Rxd3+ 27. cxd3
Rxb6 28. Rxa8+ Kf7 29. Ra7+ Kf8 30. Ke3 c5 1/2-1/2

[Event "CHN League Women 2019"]
[Site "Daqing CHN"]
[Date "2019.06.25"]
[Round "7.2"]
[Board "1"]
[White "Shen, Yang"]
[Black "Xiao, Yiyi"]
[Result "0-1"]
[WhiteTitle "IM"]
[BlackTitle "WFM"]
[WhiteElo "2419"]
[BlackElo "2356"]
[WhiteTeam "Jiangsu"]
[BlackTeam "Tianjin"]
[WhiteFideId "8603162"]
[BlackFideId "8606161"]
[EventDate "2019.06.19"]
[EventType "team"]

1. d4 d5 2. Nf3 Nf6 3. c4 dxc4 4. Na3 e6 5. Nxc4 c5 6. Bf4 cxd4 7. Qxd4 Bb4+ 8.
Bd2 Bxd2+ 9. Ncxd2 O-O 10. Rc1 Nc6 11. Qxd8 Rxd8 12. g3 e5 13. Bg2 h6 14. Nc4 e4
15. Nfd2 Bf5 16. Ne3 Bg6 17. Nb3 Nd4 18. Nxd4 Rxd4 19. Rc2 Rad8 20. O-O Nd5 21.
Nxd5 R4xd5 22. Rc4 Rd2 23. Bxe4 b5 24. Rb4 a5 25. Bxg6 axb4 26. Bd3 Rxb2 27.
Bxb5 Rxa2 28. Rb1 Rb8 29. Bc4 Rc2 30. Bd3 Rc3 31. Rb2 Kf8 32. f4 Ke7 33. Kf2 Kd6
34. Ke3 Kc5 35. Kd2 Ra8 36. Be4 Ra1 37. Bd3 Rh1 38. Ra2 Ra3 39. Rc2+ Kb6 40. Rc4
Ra2+ 41. Ke3 Rb2 42. h4 Rg1 43. Kf3 Ra1 44. Rc8 Ra7 45. Be4 Rc7 46. Rg8 f6 47.
Bd5 Kc5 48. e4 f5 49. Rf8 fxe4+ 50. Bxe4 b3 51. Rb8 Kd4 52. Rd8+ Kc3 53. Kg4 Rd2
54. Rb8 Rd4 55. Bf5 b2 56. Bb1 Rd1 57. Bf5 Rc5 58. Bg6 Rc6 59. Bf5 Rc4 60. Rb7
Rb4 61. Rc7+ Kd2 62. Rxg7 Rb5 63. h5 Rxf5 64. Rb7 b1=Q 65. Rxb1 Rxf4+ 66. Kxf4
Rxb1 67. Kf5 Ke3 68. g4 Rb5+ 69. Kg6 Kf4 0-1

[Event "CHN League Women 2019"]
[Site "Daqing CHN"]
[Date "2019.06.25"]
[Round "7.2"]
[Board "2"]
[White "Ning, Chunhong"]
[Black "Guo, Qi"]
[Result "0-1"]
[WhiteTitle "WGM"]
[BlackTitle "IM"]
[WhiteElo "2280"]
[BlackElo "2367"]
[WhiteTeam "Tianjin"]
[BlackTeam "Jiangsu"]
[WhiteFideId "8600376"]
[BlackFideId "8604002"]
[EventDate "2019.06.19"]
[EventType "team"]

1. e4 e6 2. d3 d5 3. Nd2 Nf6 4. g3 dxe4 5. dxe4 e5 6. Ngf3 Bc5 7. Bg2 O-O 8. O-O
Qe7 9. c3 a5 10. Qc2 Nc6 11. Nc4 Rd8 12. Be3 Be6 13. Bxc5 Qxc5 14. Ne3 h6 15.
Rad1 g6 16. h3 Kg7 17. Rfe1 b5 18. b3 Rd6 19. Rxd6 cxd6 20. g4 Rc8 21. g5 hxg5
22. Nxg5 Bd7 23. Qd3 Nd8 24. c4 bxc4 25. Nxc4 Nb7 26. Qf3 Rh8 27. Rd1 Rh4 28.
Rd2 Bc6 29. Qg3 Rf4 30. Qe3 Bxe4 31. Qxc5 Nxc5 32. Nxd6 Bxg2 33. Kxg2 Nfd7 34.
Nge4 Nxe4 35. Nxe4 Rxe4 36. Rxd7 Re2 37. Rd5 a4 38. bxa4 Kf6 39. Kf3 Rxa2 40.
Ra5 Kf5 41. Ra8 Ra3+ 42. Kg2 Kf4 43. Ra6 Kf5 44. a5 e4 45. h4 Ra2 46. Kg3 Ke5
47. Ra7 f5 48. Re7+ Kf6 49. Ra7 Ra3+ 50. Kg2 f4 51. a6 Ra2 52. Kg1 Kf5 53. h5
gxh5 54. Ra8 Kg4 55. a7 Kf3 0-1

[Event "CHN League Women 2019"]
[Site "Daqing CHN"]
[Date "2019.06.25"]
[Round "7.2"]
[Board "3"]
[White "Zhang, Xiao"]
[Black "Chu, Ruotong"]
[Result "0-1"]
[BlackTitle "WIM"]
[WhiteElo "2234"]
[BlackElo "2204"]
[WhiteTeam "Jiangsu"]
[BlackTeam "Tianjin"]
[WhiteFideId "8610894"]
[BlackFideId "8605653"]
[EventDate "2019.06.19"]
[EventType "team"]

1. d4 Nf6 2. c4 g6 3. Nc3 d5 4. cxd5 Nxd5 5. e4 Nxc3 6. bxc3 Bg7 7. Bc4 c5 8.
Ne2 O-O 9. Be3 Qa5 10. O-O Nd7 11. f3 Nb6 12. Bd3 Bd7 13. Kh1 Rfd8 14. Qb1 Na4
15. e5 b5 16. e6 Bxe6 17. dxc5 Nxc3 18. Qc2 Rxd3 19. Qxd3 Bc4 20. Qd7 Bxe2 21.
Rfe1 Rd8 22. Qxe7 Nd5 23. Bd2 Nxe7 24. Bxa5 Rd7 25. Rac1 Bc4 26. a4 a6 27. axb5
axb5 28. Bb6 Bd4 29. Rcd1 Nc6 30. Re8+ Kg7 31. Rc8 Bd5 32. h4 b4 33. Ba5 Nxa5
34. Rxd4 b3 35. Rb4 Rb7 36. Rb8 Rxb8 37. Rxb8 Nb7 38. Re8 b2 39. Re1 Ba2 40. c6
Nd6 41. c7 b1=Q 42. Rxb1 Bxb1 43. Kh2 Bf5 44. g4 Bd7 45. Kg3 Nb5 0-1

[Event "CHN League Women 2019"]
[Site "Daqing CHN"]
[Date "2019.06.25"]
[Round "7.3"]
[Board "1"]
[White "Gu, Tianlu"]
[Black "Zhai, Mo"]
[Result "1/2-1/2"]
[WhiteTitle "WIM"]
[BlackTitle "WGM"]
[WhiteElo "2183"]
[BlackElo "2358"]
[WhiteTeam "Hangzhou"]
[BlackTeam "Hebei"]
[WhiteFideId "8603995"]
[BlackFideId "8600201"]
[EventDate "2019.06.19"]
[EventType "team"]

1. e4 e6 2. d4 d5 3. Nd2 Be7 4. Bd3 c5 5. dxc5 Nf6 6. exd5 Qxd5 7. Ngf3 Nbd7 8.
Nb3 Nxc5 9. Nxc5 Qxc5 10. Qe2 O-O 11. O-O b6 12. Be3 Qc7 13. Bd4 Bb7 14. c3 Rfd8
15. Rfd1 Bd5 16. Ne5 Bc5 17. Bc2 Rac8 18. Bxc5 Qxc5 19. Rd4 Qc7 20. Rad1 Bb7 21.
Bb3 Bd5 22. Bc2 Bb7 23. Bb3 Bd5 24. Bxd5 Rxd5 25. Rxd5 Nxd5 26. c4 Nf4 27. Qd2
Ng6 28. Nxg6 hxg6 29. b3 a6 30. Qd6 Qxd6 31. Rxd6 b5 1/2-1/2

[Event "CHN League Women 2019"]
[Site "Daqing CHN"]
[Date "2019.06.25"]
[Round "7.3"]
[Board "2"]
[White "Yang, Yijing"]
[Black "Zhou, Zirun"]
[Result "1/2-1/2"]
[WhiteTitle "WCM"]
[WhiteElo "2135"]
[BlackElo "2141"]
[WhiteTeam "Hebei"]
[BlackTeam "Hangzhou"]
[WhiteFideId "8608601"]
[BlackFideId "8610975"]
[EventDate "2019.06.19"]
[EventType "team"]

1. d4 Nf6 2. c4 e6 3. Nf3 d5 4. Nc3 Be7 5. Bf4 O-O 6. e3 Nbd7 7. h3 c5 8. cxd5
Nxd5 9. Nxd5 exd5 10. dxc5 Nxc5 11. Be2 Bf6 12. Be5 Re8 13. Bxf6 Qxf6 14. Qd4
Qxd4 15. Nxd4 Bd7 16. O-O Ne6 17. Rfd1 Rac8 18. Bf3 Rc5 19. Nb3 Rc2 20. Bxd5 Ba4
21. Rab1 Rd8 22. Bxb7 Rxd1+ 23. Rxd1 Rxb2 24. Ra1 Kf8 25. Bd5 Nc7 26. Be4 Nb5
27. Nc5 Bc2 28. a4 Nc3 29. Bxc2 Rxc2 30. Nb3 Ne2+ 31. Kf1 Rb2 32. Nc5 Rc2 33.
Nb3 Rb2 34. Nc1 Nc3 35. Ra3 Rc2 36. Nd3 a5 37. g3 Nb1 38. Ra1 Nd2+ 39. Kg2 Rc3
40. Nf4 g5 41. Ne2 Rc2 42. Nd4 Rb2 43. Nc6 Ne4 44. Rf1 Nd2 45. Ra1 Ne4 46. Rf1 1/2-1/2

[Event "CHN League Women 2019"]
[Site "Daqing CHN"]
[Date "2019.06.25"]
[Round "7.3"]
[Board "3"]
[White "Zhao, Shengxin"]
[Black "Guo, Weibao"]
[Result "1-0"]
[WhiteTitle "WFM"]
[WhiteElo "2135"]
[BlackElo "1910"]
[WhiteTeam "Hangzhou"]
[BlackTeam "Hebei"]
[WhiteFideId "8608040"]
[BlackFideId "8608440"]
[EventDate "2019.06.19"]
[EventType "team"]

1. Nf3 d5 2. g3 Nf6 3. Bg2 e6 4. O-O c5 5. d4 Nc6 6. c4 dxc4 7. Qa4 Bd7 8. Qxc4
b5 9. Qc3 Nd5 10. Qd3 c4 11. Qd1 Nf6 12. a4 bxa4 13. Ne5 Rc8 14. Nxc6 Bxc6 15.
Bxc6+ Rxc6 16. Qxa4 Qd7 17. Qxa7 Rc7 18. Qa4 Nd5 19. Nc3 Nxc3 20. bxc3 Bd6 21.
Bf4 Bxf4 22. gxf4 Ke7 23. Rfb1 Rhc8 24. Qxd7+ Kxd7 25. Kf1 h6 26. e4 g5 27. fxg5
hxg5 28. Ra5 f6 29. Rb6 Rc6 30. Ra7+ R6c7 31. Raa6 Rh8 32. Rd6+ Ke7 33. Rxe6+
Kd7 34. Rxf6 Rxh2 35. Rf7+ Kc8 36. Ra8+ Kb7 37. Ra7+ Kxa7 38. Rxc7+ Kb6 39. Rxc4 1-0

[Event "CHN League Women 2019"]
[Site "Daqing CHN"]
[Date "2019.06.25"]
[Round "7.4"]
[Board "2"]
[White "Ren, Xiaoyi"]
[Black "Wang, Xuwen"]
[Result "1-0"]
[WhiteElo "2255"]
[BlackElo "1837"]
[WhiteTeam "Chengdu"]
[BlackTeam "Wuxi"]
[WhiteFideId "8608709"]
[BlackFideId "8617848"]
[EventDate "2019.06.19"]
[EventType "team"]

1. d4 Nf6 2. c4 g6 3. Bf4 Bg7 4. Nf3 d6 5. h3 Nbd7 6. e3 c6 7. Nc3 b6 8. Be2 Bb7
9. O-O O-O 10. Rc1 Re8 11. Bh2 e5 12. Qc2 Qe7 13. Rfd1 e4 14. Nd2 Rac8 15. Qb3
a6 16. Qa3 Bf8 17. b4 d5 18. c5 Ra8 19. Qb2 Rec8 20. Nb3 Ne8 21. Na4 a5 22. bxa5
bxa5 23. Nxa5 Rxa5 24. Qxb7 Rca8 25. Nb6 R8a7 26. Qxc6 Nxb6 27. cxb6 Rd7 28. Bb5
Rd8 29. Bc7 Rc8 30. Qd7 Rxb5 31. Qxc8 Nxc7 32. bxc7 1-0

[Event "CHN League Women 2019"]
[Site "Daqing CHN"]
[Date "2019.06.25"]
[Round "7.4"]
[Board "3"]
[White "Chen, Yining"]
[Black "Chen, Hongbei"]
[Result "1/2-1/2"]
[WhiteTitle "WCM"]
[WhiteElo "1677"]
[BlackElo "1540"]
[WhiteTeam "Wuxi"]
[BlackTeam "Chengdu"]
[WhiteFideId "8620946"]
[BlackFideId "8612722"]
[EventDate "2019.06.19"]
[EventType "team"]

1. d4 Nf6 2. c4 c5 3. d5 d6 4. Nc3 e5 5. e4 g6 6. Bd3 Bg7 7. f3 Bd7 8. Be3 Na6
9. Nge2 Rb8 10. Nb5 Bxb5 11. cxb5 Nc7 12. a4 a5 13. Qd2 b6 14. g4 h5 15. g5 Nd7
16. O-O-O Qe7 17. Rdf1 Kd8 18. Nc3 Ne8 19. Nb1 Kc8 20. Na3 Kb7 21. Nc4 Rf8 22.
Rhg1 Kc8 23. Qf2 Rb7 24. Bd2 Ra7 25. Kd1 Bh8 26. Ke2 Qd8 27. Qg3 Qe7 28. Ra1 Rg8
29. Rgc1 Kb8 30. Qf2 f5 31. exf5 e4 32. fxe4 gxf5 33. Qxf5 Rf8 34. Qh3 Nc7 35.
Be3 Kb7 36. Rf1 Raa8 37. Rxf8 Rxf8 38. Rf1 Rxf1 39. Qxf1 Ne5 40. Nd2 Ng4 41. Nc4
Nxe3 42. Nxe3 Qxg5 43. Qf5 Qxf5 44. Nxf5 Ne8 45. b3 Be5 46. h3 1/2-1/2

[Event "CHN League Women 2019"]
[Site "Daqing CHN"]
[Date "2019.06.25"]
[Round "7.5"]
[Board "2"]
[White "Bai, Xue"]
[Black "Xu, Tong"]
[Result "1/2-1/2"]
[BlackTitle "WIM"]
[WhiteElo "2093"]
[BlackElo "2131"]
[WhiteTeam "Zhejiang"]
[BlackTeam "Shenzhen"]
[WhiteFideId "8608717"]
[BlackFideId "8601739"]
[EventDate "2019.06.19"]
[EventType "team"]

1. e4 c5 2. Nf3 Nc6 3. d4 cxd4 4. Nxd4 g6 5. Nc3 Bg7 6. Be3 Nf6 7. f3 O-O 8. Qd2
d5 9. exd5 Nxd5 10. Nxc6 bxc6 11. Nxd5 cxd5 12. c3 e5 13. Be2 Bb7 14. O-O Qc7
15. Kh1 Qc6 16. Bd1 Rfd8 17. Bb3 a5 18. Rad1 a4 19. Bc2 Ba6 20. Bd3 Bc4 21. f4
d4 22. Bxc4 Qxc4 23. Bg1 d3 24. fxe5 Qxa2 25. Bd4 Rab8 26. Rf2 h5 27. h3 Qe6 28.
Qxd3 Rd5 29. Re1 Rbd8 30. Qc2 Qc6 31. Qe4 Re8 32. Rfe2 Re6 33. Qc2 Rd8 34. b3 a3
35. Qa2 Qa8 36. b4 Qa4 37. Rf1 Qa6 38. Ref2 Qb7 39. Qb3 Re7 40. Bc5 Rxe5 41. Bd4 1/2-1/2

[Event "CHN League Women 2019"]
[Site "Daqing CHN"]
[Date "2019.06.25"]
[Round "7.6"]
[Board "1"]
[White "Zhou, Guijue"]
[Black "Liu, Manli"]
[Result "1-0"]
[WhiteTitle "WIM"]
[WhiteElo "2171"]
[BlackElo "2159"]
[WhiteTeam "Hunan"]
[BlackTeam "Guangdong"]
[WhiteFideId "8602905"]
[BlackFideId "8608121"]
[EventDate "2019.06.19"]
[EventType "team"]

1. e4 e6 2. d4 d5 3. Nc3 Nf6 4. e5 Nfd7 5. Nce2 c5 6. c3 Nc6 7. Nf3 cxd4 8. cxd4
Bb4+ 9. Bd2 Qb6 10. a3 Bxd2+ 11. Qxd2 Na5 12. Nc1 Nc4 13. Bxc4 dxc4 14. O-O Qc6
15. a4 a5 16. Ne2 b6 17. Rfc1 Ba6 18. Qe3 Rc8 19. Nd2 Qa8 20. Ne4 O-O 21. Nd6
Rc6 22. Nc3 Bb7 23. Nce4 h6 24. Ra3 f5 25. Nxb7 Qxb7 26. Nd6 Qa8 27. Rac3 Nf6
28. exf6 Rxd6 29. fxg7 Rf7 30. Rxc4 Qd5 31. Qxh6 Rxg7 32. Rc8+ Kf7 33. R8c7+ Rd7
34. Rxd7+ Qxd7 35. h3 Qb7 36. g3 Qd7 37. Qf4 Kg6 38. Qe5 Rf7 39. b3 Rh7 40. Re1
Kf7 41. h4 Rg7 42. Rd1 Rg4 43. d5 Re4 44. dxe6+ Qxe6 45. Qc7+ 1-0

[Event "CHN League Women 2019"]
[Site "Daqing CHN"]
[Date "2019.06.25"]
[Round "7.6"]
[Board "2"]
[White "Du, Yuxin"]
[Black "Yu, Moqi"]
[Result "1/2-1/2"]
[WhiteElo "1973"]
[BlackElo "2078"]
[WhiteTeam "Guangdong"]
[BlackTeam "Hunan"]
[WhiteFideId "8610282"]
[BlackFideId "8604533"]
[EventDate "2019.06.19"]
[EventType "team"]

1. e4 d5 2. exd5 Qxd5 3. Nc3 Qa5 4. d4 c6 5. Bd3 Nf6 6. Ne2 g6 7. Bd2 Qd8 8. Bg5
Bg7 9. Qd2 Nbd7 10. Bh6 Bxh6 11. Qxh6 Qa5 12. O-O Qh5 13. Qxh5 Nxh5 14. Ne4 Nhf6
15. Nxf6+ Nxf6 16. Rfe1 O-O 17. Rad1 Rd8 18. c3 b6 19. f3 Bb7 20. Nf4 Rd7 21. h4
Rad8 22. Bc2 e6 23. Nd3 Rc7 24. Kf2 Kg7 25. Bb3 Ba6 26. Nb4 Bb7 27. Nd3 Ba6 28.
Nb4 Bb7 29. Nd3 Ba6 30. Nb4 Bb7 1/2-1/2

[Event "CHN League Women 2019"]
[Site "Daqing CHN"]
[Date "2019.06.25"]
[Round "7.6"]
[Board "3"]
[White "Hong, Xing"]
[Black "Peng, Xinbei"]
[Result "1-0"]
[WhiteElo "1986"]
[BlackElo "1699"]
[WhiteTeam "Hunan"]
[BlackTeam "Guangdong"]
[WhiteFideId "8606129"]
[BlackFideId "8607680"]
[EventDate "2019.06.19"]
[EventType "team"]

1. e4 e5 2. Nf3 Nc6 3. Bc4 Be7 4. d4 d6 5. dxe5 dxe5 6. Qxd8+ Bxd8 7. Ng5 Bxg5
8. Bxg5 Nd4 9. Na3 Be6 10. O-O-O Bxc4 11. Nxc4 f6 12. Be3 O-O-O 13. c3 Nc6 14.
Rxd8+ Kxd8 15. Rd1+ Kc8 16. h4 Nge7 17. h5 a6 18. Kc2 Rd8 19. Rh1 b5 20. Nd2 Na5
21. b3 Kb7 22. Rh3 Rd7 23. Rg3 g6 24. hxg6 hxg6 25. Rh3 Nac6 26. Rh7 Rd6 27. Nf3
g5 28. Bc5 Re6 29. Rg7 Kc8 30. Nh2 Kd8 31. Ng4 Ke8 32. Nh6 Nd8 33. b4 Nb7 34.
Bxe7 Rxe7 35. Rg6 Re6 36. Nf5 Kd7 37. Rg7+ Kd8 38. Ne3 Rc6 39. Nd5 a5 40. Rg8+
Kd7 41. Rb8 Nd6 42. f3 axb4 43. Nxb4 Rc5 44. Kb3 c6 45. Rg8 Rc4 46. Rg7+ Kd8 47.
Na6 Kc8 48. Rg6 Ne8 49. Nb4 Kd7 50. Rh6 Ke7 51. a4 c5 52. Nd5+ Ke6 53. axb5 1-0

[Event "CHN League Women 2019"]
[Site "Daqing CHN"]
[Date "2019.06.25"]
[Round "7.8"]
[Board "2"]
[White "Huang, Qianyi"]
[Black "Chen, Qianru"]
[Result "0-1"]
[WhiteElo "1298"]
[BlackElo "1255"]
[WhiteTeam "Chongqing"]
[BlackTeam "Qingdao"]
[WhiteFideId "8625999"]
[BlackFideId "8620350"]
[EventDate "2019.06.19"]
[EventType "team"]

1. d4 Nf6 2. c4 e6 3. Nc3 d5 4. Nf3 Nbd7 5. e3 Bd6 6. Bd3 c6 7. O-O O-O 8. e4
dxc4 9. Bxc4 e5 10. d5 Nb6 11. Be2 cxd5 12. exd5 h6 13. Qb3 Bg4 14. h3 Bh5 15.
Be3 e4 16. Nd4 Bxe2 17. Ndxe2 Nbxd5 18. Nb5 Nxe3 19. Qxe3 Be5 20. Rad1 Qa5 21.
Nbc3 Rfe8 22. Nd4 a6 23. Kh1 Bxd4 24. Rxd4 Qg5 25. Qxg5 hxg5 26. Re1 Rac8 27.
Nxe4 Nxe4 28. Rdxe4 Rxe4 29. Rxe4 Rc2 30. Rb4 b5 31. f3 f6 32. a3 Kf7 33. b3 Ra2
34. a4 bxa4 35. bxa4 a5 36. Rd4 Ke6 37. Rg4 Rb2 38. Re4+ Kf7 39. Rc4 Rb4 40.
Rc7+ Kg6 41. Ra7 Rxa4 42. Kh2 Ra1 43. Kg3 a4 44. h4 gxh4+ 45. Kxh4 a3 46. Kg4
Ra2 47. g3 Ra1 48. Kf4 Ra2 49. Kg4 Kh6 50. Ra6 Ra1 51. Kf4 Kg6 52. Ra7 Kh6 53.
Ra6 a2 54. Kg4 g6 55. Kf4 Kg7 56. Ra7+ Kf8 57. Kg4 Ke8 58. Kf4 Kd8 59. Kg4 Kc8
60. Kf4 Kb8 61. Ra4 Kb7 62. Kg4 Kb6 63. Kf4 Kb5 64. Ra3 Kb4 65. Ra8 Kb3 66. Rb8+
Kc2 67. Rc8+ Kd2 68. Ra8 Ke2 69. Ra3 Kf2 70. Kg4 g5 71. Ra8 f5+ 72. Kxg5 Kxf3
73. Kxf5 Kxg3 74. Kg5 Kf3 75. Kf5 Ke3 76. Ke5 Kd3 77. Kd5 Kc3 78. Kc5 Rc1 0-1

[Event "CHN League Women 2019"]
[Site "Daqing CHN"]
[Date "2019.06.26"]
[Round "8.1"]
[Board "1"]
[White "Xiao, Yiyi"]
[Black "Ni, Shiqun"]
[Result "1/2-1/2"]
[WhiteTitle "WFM"]
[BlackTitle "WGM"]
[WhiteElo "2356"]
[BlackElo "2416"]
[WhiteTeam "Tianjin"]
[BlackTeam "Shanghai"]
[WhiteFideId "8606161"]
[BlackFideId "8608466"]
[EventDate "2019.06.19"]
[EventType "team"]

1. d4 Nf6 2. c4 g6 3. g3 c6 4. Bg2 d5 5. cxd5 cxd5 6. Nc3 Bg7 7. Nf3 O-O 8. O-O
Ne4 9. Ne5 Nxc3 10. bxc3 Nc6 11. Nxc6 bxc6 12. Qa4 Bd7 13. Rb1 c5 14. Qa3 cxd4
15. cxd4 e6 16. e3 Rb8 17. Rxb8 Qxb8 18. Bd2 Rc8 19. Rc1 Rxc1+ 20. Qxc1 Bf8 21.
Bf1 Bd6 22. Qc2 Kg7 23. Qb3 Qb6 24. Bd3 Bc6 25. Bc3 Kg8 26. Kf1 Kf8 27. Ke2 Ke7
28. h4 h5 29. Kd2 Kd7 30. Ke2 Ke7 1/2-1/2

[Event "CHN League Women 2019"]
[Site "Daqing CHN"]
[Date "2019.06.26"]
[Round "8.1"]
[Board "2"]
[White "Zhang, Xiaowen"]
[Black "Ning, Chunhong"]
[Result "1-0"]
[WhiteTitle "WGM"]
[BlackTitle "WGM"]
[WhiteElo "2314"]
[BlackElo "2280"]
[WhiteTeam "Shanghai"]
[BlackTeam "Tianjin"]
[WhiteFideId "8603219"]
[BlackFideId "8600376"]
[EventDate "2019.06.19"]
[EventType "team"]

1. e4 d5 2. exd5 Qxd5 3. Nc3 Qd6 4. d4 Nf6 5. Nf3 c6 6. g3 g6 7. Bg2 Bg7 8. O-O
O-O 9. Re1 a5 10. a4 Re8 11. h3 Na6 12. Bg5 Be6 13. Bf4 Qd8 14. Rxe6 fxe6 15.
Qe2 Qc8 16. Ng5 Nd5 17. Nxd5 exd5 18. Ne6 Rf8 19. h4 Rxf4 20. gxf4 Bf6 21. h5
gxh5 22. Re1 Nc7 23. Bh3 Kh8 24. Qxh5 Nxe6 25. Bxe6 Qf8 26. c3 Qe8 27. Bf7 Qf8
28. Kh1 Bg7 29. Re3 Rd8 30. Rh3 h6 31. f5 Rd6 32. Be6 Rd8 33. Rg3 Rb8 34. Rg6
Rd8 35. Qg4 Kh7 36. Qg3 Rd6 37. f6 Rxe6 38. Rxg7+ 1-0